000 00301nam a22001337a 4500
999 _c15389
_d15389
020 _a9788183990394
082 _a595.7
_bRED/AP
100 _aReddy, D. S
_93069
245 _aApplied entomology
250 _a2 /
260 _aNew Delhi
_bNew Vishal Publications
_c2010
300 _a231
942 _cBBS